00325nam a2200133Ia 4500008004100000041000800041082001600049100001900065245002000084250001000104260003800114700001900152700002000171230627s9999 xx 000 0 und d amar a345.06bRAN aRanchhoddas R  aLaw Of Evidence a20ed. aNagpurbWadhawa And Companyc2004 a Ratanlal R.  a Thakore D. K.